000 00485nam a2200193Ia 4500
005 20240823021109.0
008 240823s9999||||xx |||||||||||||| ||und||
020 _a81-317-0383-5
041 _aENGLISH
082 _A005.133 P7
100 _aAshok N Kamthane
245 0 _aObject - Oriented Programming with ANSI and TURBO C++
250 _a1st
260 _c2007
_b"Pearson ,Sing"
500 _aYES
650 _aTurbo
_bComputer Applications
942 _cBK
999 _c176278
_d176278